Evolutionary Operation : a Statistical Method for Process Improvement /
Kaydedildi:
| Yazar: | |
|---|---|
| Diğer Yazarlar: | |
| Materyal Türü: | Kitap |
| Dil: | İngilizce |
| Baskı/Yayın Bilgisi: |
Nueva York, EUA :
Wiley,
1998, c1969
|
| Seri Bilgileri: | (Wiley Classics Library)
|
| Konular: | |
| Etiketler: |
Etiket eklenmemiş, İlk siz ekleyin!
|
MARC
| LEADER | 00000nam^a2200000^a^4500 | ||
|---|---|---|---|
| 001 | 000136142 | ||
| 005 | 20250521000000.0 | ||
| 009 | 20260310095308.378 | ||
| 020 | |a 0-471-25551-3 | ||
| 037 | |a Acervo ITESO - Biblioteca | ||
| 041 | |a ING | ||
| 082 | |a 519. 5 |b BOX | ||
| 100 | |a Box, George E.P. |e (autor) | ||
| 245 | 1 | 0 | |a Evolutionary Operation : |b a Statistical Method for Process Improvement / |c G.E.P. Box, N.R. Draper. |
| 264 | 4 | |a Nueva York, EUA : |b Wiley, |c 1998, c1969 | |
| 300 | |a XI, 237 p. | ||
| 336 | |a texto |b txt |2 rdacontenido | ||
| 337 | |a sin mediación |b n |2 rdamedio | ||
| 338 | |a volumen |b nc |2 rdasoporte | ||
| 440 | 1 | |a (Wiley Classics Library) | |
| 649 | |a XX | ||
| 650 | |a Optimización Matemática | ||
| 650 | |a Probabilidad | ||
| 650 | |a Estadística | ||
| 650 | |a Matemáticas | ||
| 700 | |a Draper, Norman R. |e (autor) | ||
| 910 | |a Fondo General | ||
| 920 | |a Impresos - Libros | ||
| 930 | |a Colección General | ||
| 905 | |a 101 | ||
| 901 | |a 0500064993 |b IT1 |c ACC |u 20250521 | ||
| 902 | |a https://opac.biblio.iteso.mx/vufind/Record/000136142 | ||